00294nam a22000977a 4500008004100000010001300041020002500054082002400079245005600103260003700159140106b xxu||||| |||| 00| 0 eng d a85-22805 a047187828cAvailable a620.0068ULLb002542 aHandbook of Engineering Management cUllmann John E aCanadabJohan Wiley & Sonsc1986